[Event "Petrolina Cordioli Memorial op"]
[Site "Petrolina"]
[Date "2008.10.10"]
[Round "2.1"]
[White "Brito, Luismar Jorge"]
[Black "De Souza Lima, Luiz Alexandre"]
[Result "1-0"]
[WhiteElo "2342"]
[BlackElo "2077"]
[PlyCount "57"]
[EventDate "2008.10.09"]
[EventType "swiss"]
[EventRounds "7"]
[EventCountry "BRA"]
[SourceTitle "EXT 2022"]
[Source "ChessBase"]
[SourceDate "2021.10.06"]
[SourceVersion "1"]
[SourceVersionDate "2021.10.06"]
[SourceQuality "1"]

1. e4 c5 2. Nf3 e6 3. Nc3 a6 4. d4 cxd4 5. Nxd4 Qc7 6. Bd3 Nf6 7. Qe2 d6 8. f4 Be7 9. Nf3 Nc6 10. 0-0 b5 11. a4 b4 12. Nd1 0-0 13. Nf2 Bb7 14. b3 e5 15. f5 d5 16. Bb2 Bd6 17. Rae1 Rfe8 18. g4 dxe4 19. Nxe4 Qb6+ 20. Kh1 Nd4 21. Qg2 Kh8 22. Nfd2 Rac8 23. Nc4 Rxc4 24. Bxc4 Nd7 25. h3 Nc5 26. Bxd4 exd4 27. a5 Qc7 28. Kg1 Rd8 29. f6 1-0